000 00584nam a22001937a 4500
005 20170718162639.0
010 _aENG-119355
020 _a9788122507034
_c175.00
035 _aEN-102887
037 _bDBAD/PUB
082 _a330
100 _aRani,Saroj
245 _aPolitical economy /
_cby Saroj Rani [and] Jyotsna
260 _bKitab Mahal Publishers
_c2016
_aNew Delhi
270 _a8, Hari sadan, (g.f.) 20, ansari road, daryaganj
_bNew Delhi
_e110002
300 _aviiii,199p.
_c24cm(pbk)
500 _aincludes references
942 _2ddc
_cEN
_h330
_mRAN
999 _c142637
_d142637